| 000 | 00603cab a2200193 4500 | ||
|---|---|---|---|
| 001 | ABS57924 | ||
| 008 | 090401t xxu||||| |||| 00| 0 eng d | ||
| 035 | _a(Sirsi) u82418 | ||
| 041 | _aeng | ||
| 100 | _aThomson Snell & Passmore, | ||
| 245 | 4 | _aThe social chapter - implications for UK employers | |
| 350 | _a0 | ||
| 520 | _aAn information sheet on what is contained within the Social Chapter and what it will mean for employers if or when it is implemented in the UK. | ||
| 650 | _aEMPLOYERS | ||
| 650 | _aSOCIAL CHAPTER | ||
| 690 | _aEUROPE-SINGLE MARKET | ||
| 942 | _n0 | ||
| 948 | _c28/11/1997 | ||
| 999 |
_c52038 _d52038 |
||